Ảnh hưởng của giá thể, nồng độ NAA và thế hệ cành giâm trong giâm cành cây dã yên thảo (Petunia hydrida) : Luận văn tốt nghiệp Cao học. Chuyên ngành Khoa học cây trồng
Nghiên cứu nhằm mục tiêu: tìm ra được giá thể, nồng độ NAA và thế hệ cành giâm thích hợp nhân giống bằng giâm cành cây dã yên thảo.
保存先:
| 第一著者: | |
|---|---|
| フォーマット: | 図書 |
| 言語: | Undetermined |
| 出版事項: |
Cần Thơ
Trường Đại Học Cần Thơ
2019
|
| 主題: | |
| タグ: |
タグ追加
タグなし, このレコードへの初めてのタグを付けませんか!
|
| Thư viện lưu trữ: | Trung tâm Học liệu Trường Đại học Cần Thơ |
|---|
| LEADER | 01075nam a2200205Ia 4500 | ||
|---|---|---|---|
| 001 | CTU_231352 | ||
| 008 | 210402s9999 xx 000 0 und d | ||
| 082 | |a 631.535 | ||
| 082 | |b Th300 | ||
| 088 | |a 8620110 | ||
| 100 | |a Nguyễn, Thị Đan Thi | ||
| 245 | 0 | |a Ảnh hưởng của giá thể, nồng độ NAA và thế hệ cành giâm trong giâm cành cây dã yên thảo (Petunia hydrida) : | |
| 245 | 0 | |b Luận văn tốt nghiệp Cao học. Chuyên ngành Khoa học cây trồng | |
| 245 | 0 | |c Nguyễn Thị Đan Thi ; Lê Văn Hòa (Cán bộ hướng dẫn) | |
| 260 | |a Cần Thơ | ||
| 260 | |b Trường Đại Học Cần Thơ | ||
| 260 | |c 2019 | ||
| 520 | |a Nghiên cứu nhằm mục tiêu: tìm ra được giá thể, nồng độ NAA và thế hệ cành giâm thích hợp nhân giống bằng giâm cành cây dã yên thảo. | ||
| 650 | |a Nhân giống cây trồng,Plant propagation | ||
| 980 | |a Trung tâm Học liệu Trường Đại học Cần Thơ | ||